Νέα τεχνική λιπάνσεως των σιτηρών με βάσιν την φυσιολογίαν θρέψεως και αναπτύξεως των φυτών

Αποθηκεύτηκε σε:
Λεπτομέρειες βιβλιογραφικής εγγραφής
Κύριος συγγραφέας: Μπεκιάρης, Βασίλειος Κ.
Μορφή: Βιβλίο
Γλώσσα:Greek
Δημοσίευση: Αθήναι : [χ.ό.], 1978
Θέματα:
Ετικέτες: Προσθήκη ετικέτας
Δεν υπάρχουν, Καταχωρήστε ετικέτα πρώτοι!

MARC

LEADER 00000cam a2200000 i 4500
001 1/100117
008 081229s1978 gre d
035 |l 10102732 
040 |a GR-MY-UA  |b gre  |e aacr 
041 0 |a gre 
082 0 |a 664.7  |2 (22) 
100 1 |a Μπεκιάρης, Βασίλειος Κ. 
245 1 0 |a Νέα τεχνική λιπάνσεως των σιτηρών με βάσιν την φυσιολογίαν θρέψεως και αναπτύξεως των φυτών /  |c Βασίλειου Κ. Μπεκιάρη 
260 |a Αθήναι :   |b [χ.ό.],   |c 1978 
300 |a 152 σ.;  |c 24 εκ. 
650 0 0 |a Cereal products. 
650 0 0 |a Grain  |x Quality. 
650 0 0 |a Fertilization (Biology) 
852 |a INST  |b RHODES  |c AKA  |e 20081229  |h  664.7 ΜΠΕ  |p 005400031768  |q 005400031768  |t BK  |y 0 
901 |a BIBL4-2008-3 
909 |a Ρ  |b 156766 
970 |a ΚΟΖΑ  |b ΜΑΡΙΑ  |z 2008/12/18